书目信息 |
| 题名: |
阶梯形变截面桩优化设计方法及应用
|
|
| 作者: | 方焘 , 刘新荣 , 黄明 著 | |
| 分册: | ||
| 出版信息: | 北京 中国建筑工业出版社 2021.06 |
|
| 页数: | 273页 | |
| 开本: | 23cm | |
| 丛书名: | ||
| 单 册: | ||
| 中图分类: | TU473.1 | |
| 科图分类: | ||
| 主题词: | 群桩--qun zhuang--桩基础--桩承载力--最优设计--研究 | |
| 电子资源: | ||
| ISBN: | 978-7-112-24762-2 | |
| 000 | 01017nam0 2200265 450 | |
| 001 | 202021190349 | |
| 005 | 20211025120124.0 | |
| 010 | @a978-7-112-24762-2@b精装@dCNY80.00 | |
| 100 | @a20210919d2021 em y0chiy50 ea | |
| 101 | 0 | @achi |
| 102 | @aCN@b110000 | |
| 105 | @aa a 000yy | |
| 106 | @ar | |
| 200 | 1 | @a阶梯形变截面桩优化设计方法及应用@Ajie ti xing bian jie mian zhuang you hua she ji fang fa ji ying yong@f方焘, 刘新荣, 黄明著 |
| 210 | @a北京@c中国建筑工业出版社@d2021.06 | |
| 215 | @a273页@c图@d23cm | |
| 320 | @a有书目 (第270-273页) | |
| 330 | @a本书内容包括: 阶梯形变截面桩的模型试验研究 ; 阶梯形变截面桩的现场试验研究 ; 阶梯形变截面桩的数值研究 ; 阶梯形变截面桩设计计算方法 ; 阶梯形变截面桩受力及变形设计计算程序开发等。 | |
| 606 | 0 | @a群桩@Aqun zhuang@x桩基础@x桩承载力@x最优设计@x研究 |
| 690 | @aTU473.1@v5 | |
| 701 | 0 | @a方焘@Afang dao@4著 |
| 701 | 0 | @a刘新荣@Aliu xin rong@4著 |
| 701 | 0 | @a黄明@Ahuang ming@4著 |
| 801 | 0 | @aCN@c20210909 |
| 905 | @a河南城建学院图书馆@dTU473.1@eF196 | |
| 阶梯形变截面桩优化设计方法及应用/方焘, 刘新荣, 黄明著.-北京:中国建筑工业出版社,2021.06 |
| 273页:图;23cm |
| ISBN 978-7-112-24762-2(精装):CNY80.00 |
| 本书内容包括: 阶梯形变截面桩的模型试验研究 ; 阶梯形变截面桩的现场试验研究 ; 阶梯形变截面桩的数值研究 ; 阶梯形变截面桩设计计算方法 ; 阶梯形变截面桩受力及变形设计计算程序开发等。 |
| ● |
| 相关链接 |
|
|
|
正题名:阶梯形变截面桩优化设计方法及应用
索取号:TU473.1/F196
 
预约/预借
| 序号 | 登录号 | 条形码 | 馆藏地/架位号 | 状态 | 备注 |
| 1 | 1539811 | 215398111 | 建筑库101/101建筑库 98排2列3层/ [索取号:TU473.1/F196] | 在馆 | |
| 2 | 1539812 | 215398120 | 建筑库101/101建筑库 98排2列3层/ [索取号:TU473.1/F196] | 在馆 |